Statystyki dla Najbardziej podobne flagi państw

Kliknij tutaj aby rozwiązać quiz!

Ogólne statystyki

  • Ten quiz został rozwiązany 402 razy
  • Średni wynik to 13 z 20

Statystyki odpowiedzi

HintOdpowiedź% Poprawnych
CzadRumunia
92%
SłoweniaSłowacja
92%
MonakoIndonezja
90%
AustraliaNowa Zelandia
89%
IrlandiaWybrzeże Kości Słoniowej
84%
TurcjaTunezja
74%
BahrajnKatar
73%
BelgiaNiemcy
72%
EkwadorKolumbia
69%
SyriaIrak
68%
MeksykWłochy
65%
NorwegiaIslandia
64%
NiderlandiaLuksemburg
64%
ŁotwaAustria
63%
LiberiaStany Zjednoczone
57%
SalwadorNikaragua
38%
JaponiaKorea Południowa
36%
DominikanaPanama
36%
SamoaTajwan
23%
ParagwajChorwacja
8%

Rozkład punktacji

Percentyl według liczby udzielonych odpowiedzi

Procent ludzi z każdym wynikiem

Twoja historia wyników

Nie rozwiązałeś tego quizu